| 000 | 00669nam a22002417a 4500 | ||
|---|---|---|---|
| 999 |
_c8573 _d8573 |
||
| 003 | AR-CdUCM | ||
| 008 | 190325b ||||| |||| 00| 0 spa d | ||
| 040 |
_aMUNICIPALIDAD PROVINCIAL DEL CUSCO _cBIBLIOTECA MUNICIPAL DEL CUSCO |
||
| 041 | _heng | ||
| 082 |
_a823 / _bM26 |
||
| 100 |
_aMarshall, Bruce _924012 |
||
| 245 | _aA cada uno un denario / | ||
| 260 |
_aBuenos Aires : _bEmece Editorial, _c1952. |
||
| 300 |
_a437 paginas ; _c18 cm. |
||
| 500 | _aNovelas | ||
| 650 |
_aNovelas _9218 |
||
| 650 |
_aInglesas _924013 |
||
| 650 |
_aLiteratura _983 |
||
| 650 |
_aSiglo XX _98 |
||
| 700 |
_aOyuela, Maria Antonia _910785 |
||
| 942 |
_2ddc _cLIBROS |
||
| 945 | _apjha | ||